Ciencias naturales 6 /
Guardado en:
| Autor Principal: | |
|---|---|
| Formato: | Libro |
| Publicado: |
Buenos Aires :
Santillana
|
| Materias: | |
| Etiquetas: |
Agregar Etiqueta
Sin Etiquetas, Sea el primero en etiquetar este registro!
|
| LEADER | 00617nam a22002055a 4500 | ||
|---|---|---|---|
| 001 | CEM.cems012591 | ||
| 005 | 20070823184037.0 | ||
| 008 | 130507b######################000#0#####d | ||
| 003 | CEMS | ||
| 020 | |a 9504600115 | ||
| 082 | 0 | 4 | |a SG372.85 |
| 100 | 1 | |a Espinoza, Ana María | |
| 245 | 1 | 0 | |a Ciencias naturales 6 / |c Ana María Espinoza |
| 260 | |a Buenos Aires : |b Santillana | ||
| 300 | |a 127 p. | ||
| 653 | |a Educación | ||
| 653 | |a Educación primaria | ||
| 653 | |a Biblioteca maría de los angeles saggio | ||
| 653 | |a Ciencias naturales-2º egb | ||
| 859 | |a CEMS |b BIB. CEMS - 11 de abril |h SG372.85 |i Es65 |p 23772.07 |t Ej.1 |v 6º |3 6º | ||
